L'opinion allemande sous le nazisme : Baviere 1933-1945

Αποθηκεύτηκε σε:
Λεπτομέρειες βιβλιογραφικής εγγραφής
Κύριος συγγραφέας: Kershaw, Ian
Άλλοι συγγραφείς: Dauzat, Pierre-Emmanuel (Επιμελητής έκδοσης)
Μορφή: Βιβλίο
Γλώσσα:French
English
Δημοσίευση: Paris : CNRS Editions, 1995.
Σειρά:Histoire 20e siecle
Θέματα:
Ετικέτες: Προσθήκη ετικέτας
Δεν υπάρχουν, Καταχωρήστε ετικέτα πρώτοι!

MARC

LEADER 00000cam a2200000 i 4500
001 1/11821
008 980112s1995 fr | ||| |||| ||fre||
020 |z 2271052000 
035 |1 ΠΑΡ  |a 1997  |l 10018395 
040 |a GR-MyUA  |b gre  |e AACR2 
041 1 |a fre  |h eng 
082 0 |a 322.44 
100 1 |a Kershaw, Ian. 
245 1 0 |a L'opinion allemande sous le nazisme :   |b Baviere 1933-1945 /   |c Ian Kershaw ; traduit de l'anglais par Pierre-Emmanuel Dauzat.  
260 |a Paris :   |b CNRS Editions,   |c 1995.  
300 |a 375 σ.  
490 1 |a (Histoire 20e siecle)  
500 |a Τίτλος πρωτοτύπου: Popular opinion and political dissent in the third Reich: Bavaria 1933-1945.  
504 |a Περιλάμβάνει βιβλιογραφικές αναφορές και ευρετήριο.  
650 0 0 |a Public opinion  |z Germany (West) 
650 0 0 |a Public opinion  |z Germany  |z Bavaria. 
650 0 0 |a National socialism  |x Public opinions. 
651 0 |a Bavaria (Germany)  |x Politics and government  |y 1918-1945. 
651 0 |a Germany  |x Politics and government  |y 1933-1945. 
700 1 |a Dauzat, Pierre-Emmanuel,  |e edt 
830 0 |a Histoire 20e siecle 
852 |a INST  |b LESVOS  |e 19980112  |h 322.44 KER  |p 005100015170  |q 005100015170  |t BK  |y 0 
901 |a BIBL-1998-2 
909 |a Λ  |b 052138 
922 |a 1ΕΛΗ  |b 199712  |c ΚΠΣ/ΚΑΡΑΒΑΣ  |d ΠΑΠΑΣΩΤΗΡΙΟΥ 
950 |a 128/1996-02-06